International Business Law and Its Environment
Guardado en:
| Autor principal: | |
|---|---|
| Otros Autores: | , |
| Formato: | Libro |
| Lenguaje: | inglés |
| Publicado: |
St. Paul
West Publ. Co.
1993
|
| Edición: | 2. ed. |
| Materias: | |
| Etiquetas: |
Sin Etiquetas, Sea el primero en etiquetar este registro!
|
MARC
| LEADER | 00000nam a2200000 4500 | ||
|---|---|---|---|
| 001 | c014231 | ||
| 005 | 20221206074601.3 | ||
| 020 | |a 0-314-01178-1 | ||
| 041 | 0 | |a eng | |
| 044 | |a US | ||
| 245 | 1 | 0 | |a International Business Law and Its Environment |c Richard Schaffer, Beverley Earle, Filiberto Agusti |
| 250 | |a 2. ed. | ||
| 264 | 1 | |a St. Paul |b West Publ. Co. |c 1993 | |
| 300 | |a 610 s. | ||
| 610 | 2 | 0 | |a obchod medzinárodný |
| 610 | 2 | 0 | |a právo medzinárodné |
| 610 | 2 | 0 | |a právo obchodné |
| 610 | 2 | 0 | |a prostredie ekonomické |
| 610 | 2 | 0 | |a štúdie prípadové |
| 100 | 1 | |a Schaffer, Richard | |
| 700 | 1 | |a Earle, Beverley | |
| 700 | 1 | |a Agusti, Filiberto | |